000 00894nam a2200193 u 4500
001 000525041
003 AM-YeHGA
005 20250617135154.0
008 070307s1976 ||| r 000 0 rus d
040 _aAM-YeHGA
041 0 _arus
100 1 _aЕвстигнеева, Галина Васильевна
245 1 0 _aЛекарственные растения Горьковской области /
_cГ.В. Евстигнеева, А.М. Сметова; Горьк. обл. науч. о-во фармацевтов; Аптеч. упр. Горк. облисполкома.
260 _aГорький :
_bВолго-Вят. кн. изд-во,
_c1976.
300 _a48 с. :
_b[8] л. цв. ил., табл.
653 0 _aЛекарственные растения - Горьковская обл.
700 1 _aСметова, Альбина Михайловна
090 _c196414
999 _c194938
_d194938